Estrategia de innovación agraria para producción de carne ovina

Saved in:
書目詳細資料
Corporate Authors: Fundación para la Innovación Agraria (Author), FIA (Author)
格式: 圖書
語言:西班牙语
出版: Santiago Fundación para la Innovación Agraria 2000
主題:
標簽: 添加標簽
沒有標簽, 成為第一個標記此記錄!

MARC

LEADER 00000nam a2200000 a 4500
001 UCN8800
003 CL-VaPUC
008 011123e20000900CL |||||||||||||||||spa|d
082 0 4 |a 636.313  |b FUN  |2 21 
110 2 |a Fundación para la Innovación Agraria  |e author  |9 465303 
710 2 |a FIA  |e author  |9 465304 
245 1 0 |a Estrategia de innovación agraria para producción de carne ovina 
300 |a 69 p 
942 |c BK 
945 |d 20011123 00:00:00  |a vberengu 
260 |a Santiago  |b Fundación para la Innovación Agraria  |c 2000 
650 7 |a CARNE OVINA  |2 CL-VaPUC  |9 403442 
650 7 |a PRODUCTOS ANIMALES  |2 CL-VaPUC  |9 344463 
650 7 |a PRODUCCION OVINA  |2 CL-VaPUC  |9 403439 
650 7 |a GANADO OVINO  |2 CL-VaPUC  |9 402899 
650 7 |a INNOVACIONES TECNOLOGICAS  |2 CL-VaPUC  |9 465305 
650 0 |a Productividad   |9 335972 
651 7 |a CHILE  |2 CL-VaPUC  |9 465306 
583 |a last modification  |c 20011123 00:00:00  |k Rodrigo Vera 
999 |c 298549  |d 298547 
952 |0 0  |1 0  |4 0  |6 636_313000000000000_FUN_2000  |7 0  |8 A  |9 354177  |a BIBAGR  |b BIBAGR  |d 2019-11-21  |i 3764710  |o 636.313 FUN 2000  |p 3764710  |r 2025-01-20  |w 2019-11-21  |y BK  |k AGR 
952 |0 0  |1 0  |4 0  |6 636_313000000000000_FUN_2000  |7 0  |8 A  |9 354178  |a BIBAGR  |b BIBAGR  |d 2019-11-21  |i 3764729  |o 636.313 FUN 2000  |p 3764729  |r 2025-01-20  |w 2019-11-21  |y BK  |k AGR 
952 |0 0  |1 0  |4 0  |6 636_313000000000000_FUN_2000  |7 0  |8 A  |9 354179  |a BIBAGR  |b BIBAGR  |d 2019-11-21  |i 3764745  |o 636.313 FUN 2000  |p 3764745  |r 2025-01-20  |w 2019-11-21  |y BK  |k AGR 
952 |0 0  |1 0  |4 0  |6 636_313000000000000_FUN_2000  |7 0  |8 A  |9 354180  |a BIBAGR  |b BIBAGR  |d 2019-11-21  |i 4751647  |o 636.313 FUN 2000  |p 4751647  |r 2025-01-20  |w 2019-11-21  |y BK  |k AGR